000 00821nam a22002537a 4500
003 OSt
005 20260612112133.0
008 260612b |||||||| |||| 00| 0 eng d
020 _a0325000913
040 _cChuka University Library
050 _aLB 1025.3
_b.Z3 1998
100 _aZemelman Steven
_928794
245 _aBest Practice
_bNew Standards for Teaching and Learning in American Schools
250 _a2nd ed.
260 _aPortsmouth , NH
_bHeinemann
_c1998
300 _axviii 308 pages
650 _aTeaching-United States
_928742
650 _aDirect Instruction- United States- Case Studies
_928795
650 _aTeaching- Standards-United States
_928796
650 _aEducation-Curricula- Standards
_928797
700 _aDaniels Harvey
_928798
700 _aHyde Arthur
_928799
942 _2lcc
_cBK
_n0
999 _c24092
_d24092